| 000 | 01960nam a2200385 c 4500 | ||
|---|---|---|---|
| 003 | BLK | ||
| 005 | 20230419093541.0 | ||
| 008 | 180411b bul|||||r ||||||| ||bul|| | ||
| 010 | _aKNG00197063000 | ||
| 020 |
_a978-954-348-128-6 _bиздат.: Акад. на МВР |
||
| 040 | _aBLK | ||
| 041 |
_aBUL _cBUL |
||
| 072 | 7 |
_2bullib _aН35 _xОбществено управление. Военни науки Н |
|
| 080 |
_aЗадачи в областта на защитата на страната. Гражданска отбрана. Управление на отбраната (въоръжени сили) _b351.86 _x(497.2) _z351.86(497.2) |
||
| 080 |
_aОргани на обществения ред. Полиция. Обществена власт. Доброволни отреди. Държавна сигурност. Милиция. Дейност на полицията по вътрешно разузнаване _b351.74 _x(497.2) _z351.74(497.2) |
||
| 100 | 1 |
_aЛолев, Иван Стоянов _eпърви автор _989471 |
|
| 139 |
_aЛолев, Иван Стоянов _bЛ 81 |
||
| 245 | 1 | 0 |
_aТеоретични и правни основи на граничната контролно-пропускателна дейност _cИван Стоянов Лолев. |
| 257 | _aBGR | ||
| 260 |
_аСофия _bАкад. на МВР _c2016 |
||
| 300 |
_a158 с. _bс табл., диагр. _c21 см |
||
| 380 | _a3 | ||
| 500 | _aБиблиогр. с. 112-128. | ||
| 650 | 4 |
_aГраничен контрол - България _9329653 |
|
| 650 | 4 |
_aПолиция, гранична _9344485 |
|
| 651 | 4 |
_aБългария _9241624 |
|
| 653 | _aграничен контрол | ||
| 653 | _aгранична полиция | ||
| 659 | _aН | ||
| 852 | _aЦб 283338 | ||
| 856 | 4 |
_qpdf _u |
|
| 856 | 4 |
_qpdf _u |
|
| 942 |
_cKNG _n0 _01 |
||
| 944 |
_aCR _c30.11.2016 _lф / _kВиолета_Тройчева |
||
| 944 |
_aED _c05.01.2017 _lф / _kЛюдмила_Стоянова |
||
| 999 |
_c188045 _d188045 |
||